<?xml version="1.0" encoding="UTF-8"?>
<record
    xmlns:xsi="http://www.w3.org/2001/XMLSchema-instance"
    xsi:schemaLocation="http://www.loc.gov/MARC21/slim http://www.loc.gov/standards/marcxml/schema/MARC21slim.xsd"
    xmlns="http://www.loc.gov/MARC21/slim">

  <leader>01264nam a2200217Ia 4500</leader>
  <datafield tag="952" ind1=" " ind2=" ">
    <subfield code="0">0</subfield>
    <subfield code="1">0</subfield>
    <subfield code="2">lcc</subfield>
    <subfield code="4">0</subfield>
    <subfield code="7">0</subfield>
    <subfield code="a">11</subfield>
    <subfield code="b">11</subfield>
    <subfield code="d">2014-08-15</subfield>
    <subfield code="l">3</subfield>
    <subfield code="o">HC135 B29 2013</subfield>
    <subfield code="p">11 010775</subfield>
    <subfield code="r">2019-08-29</subfield>
    <subfield code="s">2019-08-29</subfield>
    <subfield code="t">1</subfield>
    <subfield code="w">2014-08-15</subfield>
    <subfield code="y">LB</subfield>
  </datafield>
  <datafield tag="952" ind1=" " ind2=" ">
    <subfield code="0">0</subfield>
    <subfield code="1">0</subfield>
    <subfield code="2">lcc</subfield>
    <subfield code="4">0</subfield>
    <subfield code="7">0</subfield>
    <subfield code="a">11</subfield>
    <subfield code="b">11</subfield>
    <subfield code="d">2014-08-15</subfield>
    <subfield code="l">4</subfield>
    <subfield code="o">HC135 B29 2013</subfield>
    <subfield code="p">11 010776</subfield>
    <subfield code="r">2017-05-03</subfield>
    <subfield code="s">2017-05-03</subfield>
    <subfield code="t">2</subfield>
    <subfield code="w">2014-08-15</subfield>
    <subfield code="y">LB</subfield>
  </datafield>
  <datafield tag="952" ind1=" " ind2=" ">
    <subfield code="0">0</subfield>
    <subfield code="1">0</subfield>
    <subfield code="2">lcc</subfield>
    <subfield code="4">0</subfield>
    <subfield code="7">0</subfield>
    <subfield code="a">01</subfield>
    <subfield code="b">01</subfield>
    <subfield code="d">2019-07-22</subfield>
    <subfield code="l">0</subfield>
    <subfield code="o">HC135 B29 2013</subfield>
    <subfield code="p">24 001211</subfield>
    <subfield code="r">2023-01-20</subfield>
    <subfield code="t">1</subfield>
    <subfield code="w">2019-07-22</subfield>
    <subfield code="y">LB</subfield>
  </datafield>
  <datafield tag="952" ind1=" " ind2=" ">
    <subfield code="0">0</subfield>
    <subfield code="1">0</subfield>
    <subfield code="2">lcc</subfield>
    <subfield code="4">0</subfield>
    <subfield code="7">0</subfield>
    <subfield code="a">01</subfield>
    <subfield code="b">01</subfield>
    <subfield code="d">2022-10-13</subfield>
    <subfield code="l">0</subfield>
    <subfield code="o">HC135 B29 2013</subfield>
    <subfield code="p">16 002454</subfield>
    <subfield code="r">2023-07-12</subfield>
    <subfield code="t">1</subfield>
    <subfield code="w">2022-10-13</subfield>
    <subfield code="y">LB</subfield>
  </datafield>
  <datafield tag="999" ind1=" " ind2=" ">
    <subfield code="c">93540</subfield>
    <subfield code="d">93540</subfield>
  </datafield>
  <controlfield tag="008">120626s2013    mx            000 0 spa d</controlfield>
  <datafield tag="020" ind1=" " ind2=" ">
    <subfield code="a">9786074385762</subfield>
  </datafield>
  <datafield tag="050" ind1=" " ind2=" ">
    <subfield code="a">HC135</subfield>
    <subfield code="b">B29 2013</subfield>
  </datafield>
  <datafield tag="100" ind1=" " ind2=" ">
    <subfield code="a">Baena Paz, Guillermina</subfield>
    <subfield code="e">, autor</subfield>
  </datafield>
  <datafield tag="245" ind1=" " ind2=" ">
    <subfield code="a">Estructura socioecon&#xF3;mica de M&#xE9;xico</subfield>
    <subfield code="c"> /  Guillermina, Baena Paz</subfield>
  </datafield>
  <datafield tag="250" ind1=" " ind2=" ">
    <subfield code="a">2a. edici&#xF3;n</subfield>
  </datafield>
  <datafield tag="260" ind1=" " ind2=" ">
    <subfield code="a">M&#xE9;xico</subfield>
    <subfield code="b">: Patria</subfield>
    <subfield code="c">2013</subfield>
  </datafield>
  <datafield tag="300" ind1=" " ind2=" ">
    <subfield code="a">119 p&#xE1;ginas</subfield>
    <subfield code="b">: ilustraciones</subfield>
  </datafield>
  <datafield tag="505" ind1=" " ind2=" ">
    <subfield code="a">Describes los aspectos te&#xF3;ricos de la estructura socioecon&#xF3;mica de M&#xE9;xico  
Identifica los modelos econ&#xF3;micos de M&#xE9;xico en el periodo 1948-1982  
Reconoce la inserci&#xF3;n de M&#xE9;xico en el nuevo orden econ&#xF3;mico internacional y la globalizaci&#xF3;n  
Reconoce las tendencias de los procesos de cambio econ&#xF3;mico de la sociedad mexicana</subfield>
  </datafield>
  <datafield tag="519" ind1=" " ind2=" ">
    <subfield code="a">Plan UNAM / </subfield>
    <subfield code="b">Preparatoria / </subfield>
    <subfield code="c">Problemas sociales, pol&#xED;ticos y econ&#xF3;micos de M&#xE9;xico (1616) /</subfield>
    <subfield code="d">11 010776)</subfield>
  </datafield>
  <datafield tag="519" ind1=" " ind2=" ">
    <subfield code="a">Educaci&#xF3;n Mixta /</subfield>
    <subfield code="b">Dise&#xF1;o Gr&#xE1;fico /</subfield>
    <subfield code="c">Contexto Sociopol&#xED;tico de M&#xE9;xico (B19-) /  </subfield>
    <subfield code="d">(11 010775) </subfield>
  </datafield>
  <datafield tag="519" ind1=" " ind2=" ">
    <subfield code="a">Plan Flexible / </subfield>
    <subfield code="b">Bachillerato T&#xE9;cnico en Contadur&#xED;a IPN / </subfield>
    <subfield code="c">Entorno Socioecon&#xF3;mico de M&#xE9;xico (N3-III-1) / </subfield>
    <subfield code="d">(24 001211)</subfield>
  </datafield>
  <datafield tag="650" ind1=" " ind2=" ">
    <subfield code="a">M&#xC9;XICO</subfield>
    <subfield code="x">CONDICIONES ECON&#xD3;MICAS  </subfield>
  </datafield>
  <datafield tag="650" ind1=" " ind2=" ">
    <subfield code="a">M&#xC9;XICO </subfield>
    <subfield code="x">CONDICIONES SOCIALES</subfield>
  </datafield>
  <datafield tag="942" ind1=" " ind2=" ">
    <subfield code="c">LB</subfield>
  </datafield>
</record>
